000 01735nam0a2200361 4500
001 RU\NLR\bibl\2046687
005 20260607072603.0
010 _a978-5-87930-100-5
_9200
021 _aRU
_b2013-41773
_92886
035 _a(nilc)RuMoRGB-006585745
035 _a(NLR Aleph) 002033826
090 _a4563344
_c4563344
100 _a20130527d2013 |||y0rusy50 ca
101 0 _arus
102 _aRU
105 _ay |||||||||
200 1 _aПоэзия Высоцкого
_eтворческая эволюция
_fА.В. Кулагин
_gЦентр изучения творчества В.С. Высоцкого при Гос. образоват. учреждении высш. проф. образования "Воронеж. гос. пед. ун-т"
205 _aИзд. 3-е, перераб.
210 _aВоронеж
_cЭхо
_d2013
215 _a227, [1] с.
_d20
320 _aБиблиогр. в подстроч. прим.
320 _aАлф. указ. произведений Высоцкого: с. 217-227
604 _1200#1$aВысоцкий$gВладимир Семенович$bВ.С.$f1938 - 1980
_12351#$aПоэзия
_aВысоцкий, Владимир Семенович (1938 - 1980)
_tПоэзия
_3RU\NLR\AUTH\66746001
_91680296
686 _aШ5(2=Р)7-4Высоцкий
700 1 _aКулагин
_bА. В.
_gАнатолий Валентинович
_4070
702 1 _4570
_8rus
_7ca
_aВысоцкий
_bВ. С.
_f1938-1980
_gВладимир Семенович
_3RU\NLR\auth\772058
_9112075
801 0 _aRU
_bRuMoRKP
_c20130527
_gRCR
801 2 _aRU
_bРГБ
_c20130611
_grcr
801 1 _aRU
_bRuMoRKP
_c20130527
_2rusmarc
801 2 _aRU
_bNLR
_c20130624
_grcr
942 _cBOOK
980 _aNBR
980 _aNB